Hotel, Lodging, Restaurant and Resort Management : A service quality perspective (Record no. 860)

MARC details
000 -LEADER
Fixed length control field 00508nam a2200169 4500
003 - CONTROL NUMBER IDENTIFIER
Control field SEACOMMC
005 - DATE AND TIME OF LATEST TRANSACTION
Control field 20250426131241.0
008 - FIXED-LENGTH DATA ELEMENTS--GENERAL INFORMATION
Fixed length control field 241210b |||||||| |||| 00| 0 eng d
020 ## - INTERNATIONAL STANDARD BOOK NUMBER / ISBN
International Standard Book Number 978-81-7391-824-7
Price Rs.695.00
040 ## - CATALOGING SOURCE
Original cataloging agency SEACOMMC
082 ## - DEWEY DECIMAL CLASSIFICATION NUMBER
Classification number 647.94
Book Number S 617
100 ## - MAIN ENTRY--PERSONAL NAME
Personal name Percy K Singh
245 1# - TITLE STATEMENT
Title Hotel, Lodging, Restaurant and Resort Management : A service quality perspective
Statement of responsibility Percy K Singh
260 ## - IMPRINT
Place of publication New Delhi
Name of publisher Kanishka Publishers
Date of publication 2007
650 ## - SUBJECT ADDED ENTRY--TOPICAL TERM
Topical term Hotel Management
942 ## - ADDED ENTRY ELEMENTS (KOHA)
Koha item type Books
Holdings
Withdrawn status Lost status Source of classification Damaged status Not for loan Home library Current library Shelving location Date acquired Total Checkouts Call number Accession number Date last seen Price effective from Koha item type
    Dewey Decimal Classification     SEACOM MANAGEMENT COLLEGE SEACOM MANAGEMENT COLLEGE Reference 04/12/2007   647.94 S 617 M-1151 10/12/2024 10/12/2024 Books
© Seacom Engineering College, All rights reserved.    Powered by Koha